00715cam a22002414a 45000010009000000050017000090080041000260100017000670200038000840200038001220200038001600400018001980410008002160800019002240820023002431000006002661010008002722450068002805040051003489060045003999420012004449990017004561546318020180118050508.0080924s2009 nyua b 001 0 eng  a 2008042097 a9781606230220 (pbk. : alk. paper) a9781606239087 (pbk. : alk. paper) a9781606231081 (pbk. : alk. paper) aDLCcDLCdDLC aeng a616.89156 WAL00a616.89156 WAL222 a3 aSHM00aSpiritual resources in family therapy /cedited by Froma Walsh. aIncludes bibliographical references and index. a7bcbccorignewd1eecipf20gy-gencatlg 2ddccBK c40456d40456